| 000 | 00632cab a2200229 4500 | ||
|---|---|---|---|
| 001 | ABS56644 | ||
| 008 | 090401t xxu||||| |||| 00| 0 eng d | ||
| 035 | _a(Sirsi) u25011 | ||
| 041 | _aeng | ||
| 245 | _aAlternative land use | ||
| 260 | _c11(2) December 1996(8) | ||
| 300 | _aLOAN | ||
| 350 | _a0 | ||
| 490 |
_aFarm Development Review _v11(2) December 1996(8) |
||
| 520 | _aArticles on farm accommodation charges, ostrich farming and farmland woodland changes. | ||
| 650 | _aFARM ACCOMMODATION | ||
| 650 | _aFARM WOODLANDS | ||
| 650 | _aOSTRICH FARMING | ||
| 690 | _aRURAL PRACTICE | ||
| 942 | _n0 | ||
| 948 | _c04/03/1997 | ||
| 999 |
_c16776 _d16776 |
||